000 00498nam a2200193Ia 4500
003 LK-CoDNM
008 010623t2006 xxu||||| |||| 00| 1 eng d
040 _aLK-CoDNM
_dLK-CoDNM
_eLK-CoDNM
041 _aeng
080 _a796.358
_bROB
100 _aRoberts, Michael
245 _aForces strands in Sri Lanka's Cricket history
260 _bSocial scientists association
_aColombo
_c2006
300 _b64, 23 cm
650 _aCricket
650 _aHistory
650 _aSports
942 _cBK
999 _c125391
_d125391